La madera auditoria : Un análisis conceptual y metodológico (Registro nro. 3342)
[ vista simple ]
| 000 -LEADER | |
|---|---|
| fixed length control field | 00661nam a2200169Ia 4500 |
| 005 - DATE AND TIME OF LATEST TRANSACTION | |
| control field | 20251020182611.0 |
| 008 - FIXED-LENGTH DATA ELEMENTS--GENERAL INFORMATION | |
| fixed length control field | 200515s9999 xx 000 0 und d |
| 082 ## - DEWEY DECIMAL CLASSIFICATION NUMBER | |
| Classification number | SC/657.6/S85 |
| 100 ## - MAIN ENTRY--PERSONAL NAME | |
| Personal name | SUAREZ, Andrés S. |
| 245 #0 - TITLE STATEMENT | |
| Title | La madera auditoria : Un análisis conceptual y metodológico |
| 260 ## - PUBLICATION, DISTRIBUTION, ETC. | |
| Place of publication, distribution, etc. | Madrid |
| 260 ## - PUBLICATION, DISTRIBUTION, ETC. | |
| Date of publication, distribution, etc. | 1991 |
| 300 ## - PHYSICAL DESCRIPTION | |
| Extent | 109 |
| 520 ## - SUMMARY, ETC. | |
| Summary, etc. | Conceptos fundamentales de lo que modernamente se entiende por auditoria, al objeto de poner un poco de orden en la jungla terminológica de esta disciplina. El libro recoge la concepción del autor sobre la naturaleza, tanto en el campo de la empresa priva |
| 650 ## - SUBJECT ADDED ENTRY--TOPICAL TERM | |
| Topical term or geographic name entry element | AUDITORIA |
| 942 ## - ADDED ENTRY ELEMENTS (KOHA) | |
| Koha item type | Libros |
| Fecha de la última vez que lo usaron | Pago total | Signatura topográfica completa | Código de barras | Precio efectivo desde | Tipo de documento | Estado perdido | Estado dañado | No es para préstamo | Retirado | Ubicación permanente | Ubicación actual | Fecha de adquisición |
|---|---|---|---|---|---|---|---|---|---|---|---|---|
| 15/05/2020 | SC/657.6/S85 | Bib-Lima15053342 | 15/05/2020 | Libros | Biblioteca Central Lima | Biblioteca Central Lima | 15/05/2020 |